Two-dimensional geometric variational problems

Saved in:
Bibliographic Details
Main Author: Jost, Jurgen 1956-
Format: Book
Language:English
Published: Chichester : Wiley, c1991
Series:Pure and applied mathematics (John Wiley & Sons: Unnumbered)
Subjects:
Tags: Add Tag
No Tags, Be the first to tag this record!

MARC

LEADER 00000nam a2200000 i 4500
001 1/36069
008 941103s1991 eng d
020 |a 0-471-92839-9 
035 |a 1994  |l 10040141 
040 |a GR-MY-UA  |b gre  |e aacr 
041 0 |a eng 
082 0 |a 514.74 
100 1 |a Jost, Jurgen  |d 1956- 
245 1 0 |a Two-dimensional geometric variational problems /  |c Jurgen Jost 
246 3 3 |a 2-dimensional geometric variational problems 
260 |a Chichester :   |b Wiley,   |c c1991 
300 |a 236 p.;  |c 24 cm. 
490 1 |a Pure and applied mathematics (John Wiley & Sons: Unnumbered) 
500 |a Includes bibliographical references and index 
650 0 0 |a Harmonic maps. 
650 0 0 |a Variational inequalities (Mathematics) 
650 0 0 |a Riemannian manifolds. 
830 0 |a Pure and applied mathematics (John Wiley & Sons: Unnumbered) 
852 |a INST  |b SAMOS  |e 19941103  |h 514.74 JOS  |p 005300007057  |q 005300007057  |t BK  |y 0 
909 |a Σ  |b 033551